000 01119nam a2200325 i 4500
001 12354
003 KOSZ 005
005 20210831115806.0
008 070623s1970 pl f 000 0 pol
015 _aPB 1970/1012
040 _aWA N
_cWA N
_dKOSZ 005/RW
_dKOSZ 005/HR
046 _k1970
080 _a658.3
100 1 _aNadolski, Julian
_eAutor
245 1 0 _aVademecum działu osobowego /
_cJulian Nadolski.
260 _aWarszawa :
_bWydawnictwo Związkowe Centralnej Rady Związków Zawodowych,
_c1970.
300 _a283, [1] strony ;
_c23 cm.
336 _aTekst
_btxt
_2rdacontent
337 _aBez urządzenia pośredniczącego
_bn
_2rdamedia
338 _aWolumin
_2nc
_brdacarrier
380 _aKsiążki.
388 _a1901-2000
658 _aGospodarka, ekonomia, finanse
650 4 _aKadry
650 4 _aAdministracja
655 4 _aPoradnik
710 2 _aWydawnictwo Związkowe Centralnej Rady Związków Zawodowych
_4pbl.
856 _uhttp://koha.tu.koszalin.pl/cgi-bin/koha/opac-detail.pl?biblionumber=12354
_yKatalog online BPK
942 _2UKD
_cKS
999 _c12354
_d12354